ՀՀ Գիտությունների ազգային ակադեմիայի հիմնարար գիտական գրադարան  =   Fundamental Scientific Library of NAS RA
Normal view MARC view

Entry Personal Name

Number of records used in: 67

001 - CONTROL NUMBER

  • control field: 1945

003 - CONTROL NUMBER IDENTIFIER

  • control field: AM-YEHGA

005 - DATE AND TIME OF LATEST TRANSACTION

  • control field: 20250617070432.0

008 - FIXED-LENGTH DATA ELEMENTS

  • fixed length control field: 050625 a|ac|n|aab||||||||||||a |n|||||||

040 ## - CATALOGING SOURCE

  • Original cataloging agency: AM-YEHGA

100 1# - HEADING--PERSONAL NAME

  • Personal name: Սիրաս, Հմայակ Սահակի,
  • Dates associated with a name: 1902-1983

400 1# - SEE FROM TRACING--PERSONAL NAME

  • Personal name: Սիրաս, Հմայակ,
  • Dates associated with a name: 1902-1983

400 1# - SEE FROM TRACING--PERSONAL NAME

  • Personal name: Սիրաս,
  • Dates associated with a name: 1902-1983

400 0# - SEE FROM TRACING--PERSONAL NAME

  • Personal name: Հմայակ Սիրաս,
  • Dates associated with a name: 1902-1983

400 1# - SEE FROM TRACING--PERSONAL NAME

  • Personal name: Սիրաս, Հ.Ս.
  • Fuller form of name: (Հմայակ Սահակի),
  • Dates associated with a name: 1902-1983

400 1# - SEE FROM TRACING--PERSONAL NAME

  • Personal name: Սիրաս, Հ.
  • Fuller form of name: (Հմայակ),
  • Dates associated with a name: 1902-1983

400 1# - SEE FROM TRACING--PERSONAL NAME

  • Personal name: Սիրաս, Հմայակ Սահակի,

400 1# - SEE FROM TRACING--PERSONAL NAME

  • Personal name: Սիրաս, Հմայակ,

400 1# - SEE FROM TRACING--PERSONAL NAME

  • Personal name: Սիրաս, Հ.

400 1# - SEE FROM TRACING--PERSONAL NAME

  • Personal name: Սիրաս,

400 1# - SEE FROM TRACING--PERSONAL NAME

  • Personal name: Сирас, Амаяк Саакович,

400 1# - SEE FROM TRACING--PERSONAL NAME

  • Personal name: Ոսկանյան, Հմայակ Սահակի,
  • Dates associated with a name: 1902-1983

400 1# - SEE FROM TRACING--PERSONAL NAME

  • Personal name: Сирас, Амаяк Саакович,
  • Dates associated with a name: 1902-1983

400 1# - SEE FROM TRACING--PERSONAL NAME

  • Personal name: Siras, Hmayak Sahaki,
  • Dates associated with a name: 1902-1983

670 ## - SOURCE DATA FOUND

  • Uniform Resource Identifier: <a href=" http://hy.wikipedia.org/wiki/Հմայակ_Սիրաս"target="_blank">Վիքիպեդիա</a>

670 ## - SOURCE DATA FOUND

  • Source citation: Հայկական համառոտ հանրագիտարան, 2003 :
  • Information found: հ. 4 (Սիրաս (Ոսկանյան) Հմայակ Սահակի (15.2.1902, գ. Կարաքիլիսե (Ալաշկերտի գավ.) - 14.8.1983, Երևան), արձակագիր։ ՀԽՍՀ կուլտ. վաստ. գործիչ (1968)։ Ֆինլանդիայի «Կալևալա» ընկ. պատվ. անդամ (1974))

670 ## - SOURCE DATA FOUND

  • Source citation: Հայրենի աշխարհ (Վեպ), 1974 :
  • Information found: տիտղթ. (Հ. Սիրաս)

670 ## - SOURCE DATA FOUND

  • Source citation: Երկեր, 1956 :
  • Information found: տիտղթ. (Հմայակ Սիրաս)

670 ## - SOURCE DATA FOUND

  • Source citation: Սիրաս։ Անահիտ (Վեպ), 1940

670 ## - SOURCE DATA FOUND

  • Source citation: Կալևալա (Կարելա-ֆիննական էպոս), 1972 :
  • Information found: տիտղթ. (Արձակ պատմեց՝ Հ. Սիրաս)

670 ## - SOURCE DATA FOUND

  • Source citation: Арарат (Роман) : Авторизованный перевод с армянского, 1971 :
  • Information found: т.л. (Сирас Амаяк Саакович)


ՀՀ ԳԱԱ հիմնարար գիտական գրադարան
ՀՀ,Երևան 0019
Մարշալ Բաղրամյան 24/6
հեռախոս:(374-10) 52-47-50
Հետադարձ կապ

All site content, except where otherwise noted, is licensed under a
Creative Commons License